Les purpuras inflammatoires; (Record no. 38571)

MARC details
000 -LEADER
fixed length control field 00542cam a22002051 4500
001 - CONTROL NUMBER
control field med47002333
003 - CONTROL NUMBER IDENTIFIER
control field DLC
005 - DATE AND TIME OF LATEST TRANSACTION
control field 20260227111605.0
008 - FIXED-LENGTH DATA ELEMENTS--GENERAL INFORMATION
fixed length control field 810815s1941 xx a 000 0 fre
010 ## - LIBRARY OF CONGRESS CONTROL NUMBER
LC control number med47002333
035 ## - SYSTEM CONTROL NUMBER
System control number (OCoLC)14721242
040 ## - CATALOGING SOURCE
Original cataloging agency DLC
Transcribing agency DNLM
Modifying agency DLC
042 ## - AUTHENTICATION CODE
Authentication code premarc
050 00 - LIBRARY OF CONGRESS CALL NUMBER
Classification number RC661
Item number .W3
060 0# - NATIONAL LIBRARY OF MEDICINE CALL NUMBER
Classification number WH 312
Item number W215p 1941
100 1# - MAIN ENTRY--PERSONAL NAME
Personal name Wallois, Edmond.
245 14 - TITLE STATEMENT
Title Les purpuras inflammatoires;
Remainder of title notes cliniques d'un praticien ...
260 ## - PUBLICATION, DISTRIBUTION, ETC.
Place of publication, distribution, etc. Paris,
Name of publisher, distributor, etc. Doin,
Date of publication, distribution, etc. 1941.
300 ## - PHYSICAL DESCRIPTION
Extent 114 p., 1 l.
Other physical details ill.

No items available.

Powered by Koha